000 01175nam a22002417a 4500
999 _c55805
_d55805
005 20251125233035.0
008 s2550 th tha d
020 _a9789742885472
040 _aNALT
041 _atha
090 _aKS 36
_bศ125ค 2550
100 0 _aศนันท์กรณ์ (จำปี) โสตถิพันธุ์
_94365
245 1 0 _aคู่มือกฎหมายลักษณะนิติกรรม-สัญญา /
_cศนันท์กรณ์ (จำปี) โสตถิพันธุ์.
250 _aพิมพ์ครั้งที่ 4 แก้ไขเพิ่มเติม
260 _aกรุงเทพฯ :
_bวิญญูชน,
_c2550.
300 _a478 หน้า ;
_b
_c26 ซม.
650 0 _aกฎหมายแพ่งและพาณิชย์
_xสัญญา
_931958
650 0 _aกฎหมายแพ่งและพาณิชย์
_xนิติกรรม
_92951
850 _aNALT
856 4 0 _uhttps://hdl.handle.net/20.500.14156/301931
_71
942 _cLB
_01
_2local
998 _j1020
_k จำเรียง ระวังสำโรง